00366pab a2200133 454500008004000000100001900040245008800059260000900147300001100156362001000167650001400177650002100191773002000212180718b2003 xxu||||| |||| 00| 0 eng d aJoseph, Thomas aHigher education: changing perspectives of the World Bank and the lessons for India c2003 ap.1-5. a5 May aEducation aHigher education aUniversity News